Word Scramble - MLB Teams - Statistics

General Stats
  • This quiz has been taken 63 times
  • The average score is 11 of 15
Answer Stats
Answer % Correct
Dodgers
96%
Mets
95%
Rays
95%
Cubs
94%
Reds
94%
Braves
88%
Twins
88%
White Sox
83%
Yankees
80%
Blue Jays
77%
Tigers
77%
Angels
73%
Padres
73%
Rockies
72%
Brewers
67%
Mariners
67%
Red Sox
67%
Marlins
65%
Phillies
64%
Royals
63%
Guardians
61%
Astros
59%
Diamondbacks
59%
Pirates
59%
Cardinals
58%
Orioles
57%
Rangers
52%
Nationals
47%
Athletics
45%
Giants
45%
No matching quizzes found
Score Distribution
Percent of People with Each Score
Percentile by Number Answered
Your Score History
You have not taken this quiz